| 000 | 00405cam a2200181ua 4500 | ||
|---|---|---|---|
| 001 | 8740 | ||
| 008 | 130822n ii |||gr||||Z||||||eng | ||
| 020 | _a9788125930914 | ||
| 040 | _aMAIN | ||
| 041 | _aEnglish | ||
| 082 | _bMAH | ||
| 100 | _aMaheshwari .S.N. | ||
| 245 | _aAdvanced Accounting Vol-1 | ||
| 250 | _a3rd. | ||
| 260 |
_aDelhi: _bVikas Publishing House. |
||
| 300 | _a3.221. | ||
| 942 | _cBK | ||
| 999 |
_c8728 _d8728 |
||